| 000 | 01152nam a22003137a 4500 | ||
|---|---|---|---|
| 003 | CHAP | ||
| 005 | 20220329143135.0 | ||
| 008 | 060719d2005 ca r 00110 spa d | ||
| 010 | _a92458 | ||
| 011 | _a93430 | ||
| 020 | _a2923358279 | ||
| 035 | _a104004 | ||
| 040 | _cCHAP | ||
| 090 | _aFolleto 17105 | ||
| 110 | 2 |
_aComisión para la Cooperación Ambiental de América del Norte. Canadá _925827 |
|
| 245 | 1 | 0 |
_aEl comercio ilegal de flora y fauna silvestre : _bperspectiva de América del Norte _c/por Comisión para la Cooperación Ambiental de América del Norte |
| 260 |
_aCanadá : _bComisión para la Cooperación Ambiental de América del Norte, _c2005. |
||
| 300 |
_a24 p. : _bilus. |
||
| 590 |
_aBATCH-UPD _b10 _c20130110 _lUCH01 _h0626 |
||
| 590 |
_aBATCH-UPD _b10 _c20130410 _lUCH01 _h0309 |
||
| 590 |
_aBATCH-UPD _b10 _c20130914 _lUCH01 _h0738 |
||
| 590 |
_aCONVERSION _b10 _c20130109 _lUCH01 _h1351 |
||
| 650 | 1 | 4 |
_aBotánica _xAmérica del Norte. _914485 |
| 650 | 1 | 4 |
_aVida silvestre _xAmérica del Norte. _9119158 |
| 901 | _aBK | ||
| 905 | _aLilia | ||
| 942 | _cFOLL | ||
| 949 |
_aFolleto 17105 _bBC _cFOLL _d33724002002446 _eTS1 _i104004 _sb |
||
| 999 |
_c92458 _d92458 |
||